Desarrollo de organizaciones: diagnóstico y acción
Kaydedildi:
| Asıl Yazarlar: | , |
|---|---|
| Materyal Türü: | Kitap |
| Dil: | İspanyolca |
| Baskı/Yayın Bilgisi: |
Bogotá
Fondo Educativo Interamericano
1973
|
| Seri Bilgileri: | Serie desarrollo organizacional
|
| Konular: | |
| Etiketler: |
Etiketle
Etiket eklenmemiş, İlk siz ekleyin!
|
MARC
| LEADER | 00000nam a2200000 a 4500 | ||
|---|---|---|---|
| 001 | UCY9018 | ||
| 003 | CL-VaPUC | ||
| 008 | 950707e19730000CK |||||||||||||||||spa|d | ||
| 082 | 0 | 4 | |a 658.406 |b LAW |2 21 |
| 100 | |a Lawrence, Paul R |e author |9 482414 | ||
| 700 | 0 | |a Lorsch, Jay W |e author |9 340980 | |
| 245 | 1 | 0 | |a Desarrollo de organizaciones: diagnóstico y acción |
| 300 | |a 113 p | ||
| 942 | |c BK | ||
| 945 | |d 19950707 00:00:00 |a cmena | ||
| 260 | |a Bogotá |b Fondo Educativo Interamericano |c 1973 | ||
| 650 | 0 | |a Organizaciones |9 337993 | |
| 650 | 0 | |a Planificación estratégica |9 259735 | |
| 650 | 7 | |a METODOS DE PLANIFICACION |2 CL-VaPUC |9 340978 | |
| 650 | 7 | |a ESTRUCTURA ADMINISTRATIVA |2 CL-VaPUC |9 268757 | |
| 650 | 7 | |a PLANIFICACION OPERACIONAL |2 CL-VaPUC |9 340981 | |
| 650 | 7 | |a POLITICA DE DESARROLLO |2 CL-VaPUC |9 335853 | |
| 650 | 7 | |a ESTRATEGIAS DE DESARROLLO |2 CL-VaPUC |9 340982 | |
| 583 | |a last modification |c 19950707 00:00:00 |k Rodrigo Vera | ||
| 490 | 0 | |a Serie desarrollo organizacional | |
| 999 | |c 236192 |d 236190 | ||
| 952 | |0 0 |1 0 |4 0 |6 658_406000000000000_LAW_1973 |7 0 |8 P |9 244104 |a BIBEDU |b BIBEDU |c BIBEDU_PB |d 2019-11-18 |i 1531131 |o 658.406 LAW 1973 |p 1531131 |r 2024-01-25 |w 2019-11-18 |y BK |k EDU | ||
| 952 | |0 0 |1 0 |4 0 |6 658_406000000000000_LAW_1973 |7 0 |8 A |9 244105 |a BIBGIM |b BIBGIM |d 2019-11-18 |i 1408429 |o 658.406 LAW 1973 |p 1408429 |r 2025-01-15 |w 2019-11-18 |y BK |k COM | ||
| 952 | |0 0 |1 0 |4 0 |6 658_406000000000000_LAW_1973 |7 0 |8 A |9 244106 |a BIBGIM |b BIBGIM |d 2019-11-18 |i 140847K |o 658.406 LAW 1973 |p 140847K |r 2025-01-15 |w 2019-11-18 |y BK |k SSL | ||
| 952 | |0 0 |1 0 |4 0 |6 658_406000000000000_LAW_1973 |7 0 |8 A |9 244107 |a BIBGIM |b BIBGIM |d 2019-11-18 |i 1408526 |o 658.406 LAW 1973 |p 1408526 |r 2025-01-15 |w 2019-11-18 |y BK |k SSL | ||
| 952 | |0 0 |1 0 |4 0 |6 658_406000000000000_LAW_1973 |7 0 |8 A |9 244108 |a BIBGIM |b BIBGIM |d 2019-11-18 |i 1408577 |o 658.406 LAW 1973 |p 1408577 |r 2025-01-15 |w 2019-11-18 |y BK |k SSL | ||
| 952 | |0 0 |1 0 |4 0 |6 658_406000000000000_LAW_1973 |7 0 |8 A |9 244109 |a BIBENE |b BIBENE |d 2019-11-18 |i 1408623 |o 658.406 LAW 1973 |p 1408623 |r 2025-01-15 |w 2019-11-18 |y BK |k ICO | ||
| 952 | |0 0 |1 0 |4 0 |6 658_406000000000000_LAW_1973 |7 0 |8 A |9 244110 |a BIBENE |b BIBENE |d 2019-11-18 |i 1408674 |o 658.406 LAW 1973 |p 1408674 |r 2025-01-15 |w 2019-11-18 |y BK |k ICO | ||
| 952 | |0 0 |1 0 |4 0 |6 658_406000000000000_LAW_1973 |7 0 |8 A |9 244111 |a BIBENE |b BIBENE |d 2019-11-18 |i 1408720 |o 658.406 LAW 1973 |p 1408720 |r 2025-01-15 |w 2019-11-18 |y BK |k ICO | ||
| 952 | |0 0 |1 0 |4 0 |6 658_406000000000000_LAW_1973 |7 0 |8 A |9 244112 |a BIBENE |b BIBENE |d 2019-11-18 |i 1408771 |o 658.406 LAW 1973 |p 1408771 |r 2025-01-15 |w 2019-11-18 |y BK |k ICO | ||
| 952 | |0 0 |1 0 |4 0 |6 658_406000000000000_LAW_1973 |7 0 |8 A |9 244113 |a BIBENE |b BIBENE |d 2019-11-18 |i 1408925 |o 658.406 LAW 1973 |p 1408925 |r 2025-01-15 |w 2019-11-18 |y BK |k ICO | ||
| 952 | |0 0 |1 0 |4 0 |6 658_406000000000000_LAW_1973 |7 0 |8 A |9 244114 |a BIBENE |b BIBENE |d 2019-11-18 |i 1408992 |o 658.406 LAW 1973 |p 1408992 |r 2025-01-15 |w 2019-11-18 |y BK |k ICO | ||
| 952 | |0 0 |1 0 |4 0 |6 658_406000000000000_LAW_1973 |7 0 |8 A |9 244115 |a BIBENE |b BIBENE |d 2019-11-18 |i 1408798 |o 658.406 LAW 1973 |p 1408798 |r 2025-01-15 |w 2019-11-18 |y BK |k ICO | ||
| 952 | |0 0 |1 0 |4 0 |6 658_406000000000000_LAW_1973 |7 0 |8 A |9 244116 |a BIBGIM |b BIBGIM |d 2019-11-18 |i 1438379 |o 658.406 LAW 1973 |p 1438379 |r 2025-01-15 |w 2019-11-18 |y BK |k SSL | ||
| 952 | |0 0 |1 0 |4 0 |6 658_406000000000000_LAW_1973 |7 0 |8 P |9 244117 |a BIBEDU |b BIBEDU |c BIBEDU_PB |d 2019-11-18 |i 4675509 |o 658.406 LAW 1973 |p 4675509 |r 2024-01-25 |w 2019-11-18 |y BK |k EPE | ||